00285nam a2200133Ia 45000030006000000080041000060400015000471000024000622450021000862600009001073000006001165460012001220050017001340STCL150530s9999 xx 000 0 und d aSTCLcSTCL aXavier C K; Joy P M aPlus One Physics c2005 a0 aEnglish20220125170111.0